| 000 | 00709nam a2200217 i 4500 | ||
|---|---|---|---|
| 001 | 106616 | ||
| 003 | ES-MaACL | ||
| 005 | 20230906184222.0 | ||
| 007 | t| | ||
| 008 | 061211s1992 fr ||||1| fre d | ||
| 020 | _a2-246-45271-6 | ||
| 080 | _a348.58:264.02-794(091)"19" | ||
| 100 | 1 |
_aWoodward, Kenneth L. _9117346 |
|
| 245 | 1 | 0 |
_aComment l'eglise fait les saints / _cKenneth L. Woodward ; traduit de l'anglais par Nicole Ménant. |
| 260 |
_aParis : _bBernard Grasset, _c[1992] |
||
| 300 |
_a487 p. ; _c24 cm. |
||
| 500 | _aBiblioteca Jacinto Martínez Lacalle. | ||
| 650 | 1 | 4 |
_aCanonización- _xHistoria- _yS.XX. _910741 |
| 700 | 1 |
_aMénant, Nicole. _980070 |
|
| 852 |
_aES-MaACL _jE-11427 _bR.139041 |
||
| 999 |
_c106616 _d106616 |
||